LEADER 01678nam 2200421 450 001 9910716807303321 005 20211020134155.0 035 $a(CKB)5470000002526117 035 $a(OCoLC)1277510099 035 $a(EXLCZ)995470000002526117 100 $a20211020d2010 ua 0 101 0 $aeng 135 $aurcn||||||||| 181 $ctxt$2rdacontent 182 $cc$2rdamedia 183 $acr$2rdacarrier 200 10$aHydrologic conditions, stream-water quality, and selected groundwater studies conducted in the Lawrenceville area, Georgia, 2003-2008 /$fby John S. Clarke and Lester J. Williams 210 1$aReston, Virginia :$cU.S. Department of the Interior, U.S. Geological Survey,$d2010. 215 $a1 online resource (vii, 55 pages) $ccolor illustrations, color maps 225 1 $aScientific investigations report ;$v2010-5032 300 $a"Prepared in cooperation with the City of Lawrenceville." 320 $aIncludes bibliographical references (pages 48-49). 606 $aHydrology$zGeorgia$zLawrenceville Region 606 $aWater quality$zGeorgia$zLawrenceville Region 606 $aGroundwater$zGeorgia$zLawrenceville Region 615 0$aHydrology 615 0$aWater quality 615 0$aGroundwater 700 $aClarke$b J. S$g(John Stuart),$01389500 702 $aWilliams$b Lester J. 712 02$aGeological Survey (U.S.), 712 02$aLawrenceville (Ga.) 801 0$bGPO 801 1$bGPO 906 $aBOOK 912 $a9910716807303321 996 $aHydrologic conditions, stream-water quality, and selected groundwater studies conducted in the Lawrenceville area, Georgia, 2003-2008$93500708 997 $aUNINA LEADER 00938nam0-2200277 --450 001 9910995793303321 005 20250429113302.0 020 $aIT$b818654 100 $a20250424d1981----kmuy0itay5050 ba 101 0 $aita 102 $aIT 105 $a 001yy 200 1 $aNel vento del Sud ...$ela Federazione messinese del PCI nella crisi e nel dibattito del 1943-1945, storia e documenti$fDaniele Pompejano, Giovanni Raffaele 210 $a[Roma]$cSavelli$aMilano$cSemir$d1981 215 $aIV, 202 p.$d21 cm 225 1 $aSavelli università$v2 610 0 $aPartito comunista italiano$aMessina $a1943-1945 700 1$aPompejano,$bDaniele$0246949 701 1$aRaffaele,$bGiovanni$f<1950- >$0174142 801 0$aIT$bUNINA$gREICAT$2UNIMARC 901 $aBK 912 $a9910995793303321 952 $a324.245 POMP 01$b2025/1283$fFLFBC 959 $aFLFBC 996 $aNel vento del Sud ..$94369884 997 $aUNINA